Normal view
MARC view
- Rao.C.N.R
Entry Personal Name
001 - CONTROL NUMBER
- control field: 53085
003 - CONTROL NUMBER IDENTIFIER
- control field: NUST
005 - DATE AND TIME OF LATEST TRANSACTION
- control field: 20210421115554.0
008 - FIXED-LENGTH DATA ELEMENTS
- fixed length control field: 210421|| aca||aabn | a|a d
040 ## - CATALOGING SOURCE
- Original cataloging agency: NUST
- Transcribing agency: NUST
100 ## - HEADING--PERSONAL NAME
- Personal name: Rao.C.N.R
670 ## - SOURCE DATA FOUND
- Source citation: Work cat.: (NUST): Rao.C.N.R, Phase Transitions In Solids, 1978
